000 00694nam a22001937a 4500
999 _c186435
_d186435
005 20220302105326.0
010 _aENG-131832
020 _a9788194004288
_c125.00
035 _aEN-115364
037 _bDBAD/PUB
082 _a881
100 _aVirumbi's, Muththamizh
245 _aSongs of Dryness:
_bCollection of Poems from the only living Classical Language, Tamil/
_cMuththamizh Virumbi's and Translated by C. Rajeswari
260 _aChennai
_bOlivannan Gopalakrishnan
_c2019
270 _a15 A, First Floor, Casa Major Road, Egmore
_bChennai
_e600008
_minfo@emeraldpublishers.com
300 _a82p.
_c18cm(pbk)
700 _aRajeswari, C
942 _2ddc
_cEN
_h881
_mVIR